000
00353nam a2200133Ia 4500
008
230411s9999 xx 000 0 und d
041
_a
eng
082
_a
X/616.08/KEL/B07618
100
_a
Kelar Jef
_9
179667
245
_a
Manovruttiwarach Awalambun Sarvakahi
260
_b
Pentagon Press
_a
New Delhi
_c
2012
300
_a
170p
999
_c
157720
_d
157720